|
|
|
|
| LEADER |
00000naa2a2200000 4500 |
| 001 |
176031 |
| 005 |
20231031165200.0 |
| 035 |
|
|
|a (RuTPU)RU\TPU\book\190834
|
| 090 |
|
|
|a 176031
|
| 100 |
|
|
|a 20100219d2009 k y0rusy50 ca
|
| 101 |
0 |
|
|a rus
|
| 102 |
|
|
|a RU
|
| 200 |
1 |
|
|a Малое предпринимательство. Действия властей Томской области в условиях кризиса
|f Т. В. Годлевская
|
| 320 |
|
|
|a Библиогр.: 5 назв.
|
| 463 |
|
0 |
|0 (RuTPU)RU\TPU\book\186920
|t Т. 1
|v С. 110-112
|d 2009
|p 183 с.
|
| 610 |
1 |
|
|a кризисы
|
| 610 |
1 |
|
|a Томская область
|
| 610 |
1 |
|
|a малое предпринимательство
|
| 610 |
1 |
|
|a малые предприятия
|
| 610 |
1 |
|
|a регионы
|
| 610 |
1 |
|
|a малый бизнес
|
| 610 |
1 |
|
|a государственная поддержка
|
| 610 |
1 |
|
|a политика
|
| 610 |
1 |
|
|a труды учёных ТПУ
|
| 700 |
|
1 |
|a Годлевская
|b Т. В.
|
| 801 |
|
1 |
|a RU
|b 63413507
|c 20100219
|
| 942 |
|
|
|c BK
|